| 000 | 00607 a2200217 4500 | ||
|---|---|---|---|
| 001 | 66086 | ||
| 999 |
_c66086 _d17491 |
||
| 003 | TR-AnTOB | ||
| 005 | 20190408214420.0 | ||
| 008 | 080104r19911981us eng | ||
| 041 | _aeng | ||
| 050 |
_aPG3476.P27 _bD63 1991 |
||
| 090 | _aPG3476.P27 D63 1991 | ||
| 100 |
_aPasternak, Boris Leonidovich, _d1890-1960 _938402 |
||
| 245 | 0 |
_aDoctor Zhivago / _cBoris Leonidovich Pasternak. |
|
| 264 | 1 |
_aNew York : _bA Signet Book, _c1991. |
|
| 300 |
_a456p. ; _c18cm. |
||
| 902 | _a0020859 | ||
| 903 | _abs | ||
| 942 | _cBK | ||